| 000 | 00957ntm a22002657a 4500 | ||
|---|---|---|---|
| 999 |
_c1033 _d1033 |
||
| 008 | 191121s2019 ii abd|grm|||a00| 0 eng d | ||
| 040 |
_aKO _beng |
||
| 041 | 0 | _aeng | |
| 044 | _aii | ||
| 082 | 0 | 4 |
_223 _a378.242 _bPRM1747 |
| 100 | 1 |
_aBaluraj, R. _eResearcher |
|
| 245 | 1 | 2 |
_aA Study on Marine Food Products Export with Special Reference to MPEDA / _cR. Baluraj ; Guide Dr. Yogamala H. L. |
| 260 |
_aKochi : _bIndian Maritime University, _c2019 |
||
| 300 |
_a56 p. : _bill., charts, maps ; _c29 cm. |
||
| 490 | 0 |
_aMBA Project 2017-19 ; _v1705304017 |
|
| 502 | _aProject (MBA)–Indian Maritime University. School of Maritime Management, 2019. | ||
| 650 | 0 |
_aSeafood industry _zIndia |
|
| 655 | 7 |
_2lcsh _aDissertations, Academic _y2019 |
|
| 700 | 1 |
_aH. L., Yogamala, _cDr. _eGuide |
|
| 856 | _uhttps://drive.google.com/file/d/1GdwUjuWN0C69Ujo_24zGLG_GO6fR-lzL/view?usp=sharing | ||
| 904 | _aRUDRA_R | ||
| 905 | _aR_RANJAN | ||
| 942 | _cTH | ||